Central Library OPAC University of Rajshahi

The Oxford book of English prose / (Record no. 27667)

MARC details
000 -LEADER
fixed length control field 00727cam a22002411 4500
001 - CONTROL NUMBER
control field 27667
003 - CONTROL NUMBER IDENTIFIER
rucl marc code BD-RjUL
005 - DATE AND TIME OF LATEST TRANSACTION
control field 20250517172644.0
008 - FIXED-LENGTH DATA ELEMENTS--GENERAL INFORMATION
fixed length control field 750828s1925 enk 000 0 eng
035 ## - SYSTEM CONTROL NUMBER
System control number (BD-RjUL)27746
System control number (BD-RjUL)27746
040 ## - CATALOGING SOURCE
Original cataloging agency DLC
Transcribing agency F
Modifying agency OCoLC
-- FO
-- BD-RjUL
Language of cataloging eng
041 ## - LANGUAGE CODE
Language code of text/sound track or separate title eng
082 ## - DEWEY DECIMAL CLASSIFICATION NUMBER
Classification number 824.08
Author mark and year OXF 1952
245 04 - TITLE STATEMENT
Title The Oxford book of English prose /
Statement of responsibility, etc. chosen & edited by Sir Arthur Quiller-Couch.
260 ## - PUBLICATION, DISTRIBUTION, ETC. (IMPRINT)
Place of publication, distribution, etc. Oxford,
Name of publisher, distributor, etc. The Clarendon Press,
Date of publication, distribution, etc. 1925.
300 ## - PHYSICAL DESCRIPTION
Pagination xx, 1092 p. :
Size 20 cm.
Illustrations ill. ;
650 #0 - SUBJECT ADDED ENTRY--TOPICAL TERM
Topical term or geographic name as entry element English prose literature.
9 (RLIN) 84980
700 1# - ADDED ENTRY--PERSONAL NAME
Personal name Quiller-Couch, Arthur,
Dates associated with a name 1863-1944,
Relator term ed.
942 ## - ADDED ENTRY ELEMENTS (KOHA)
Source of classification or shelving scheme Dewey Decimal Classification
Koha item type Books
Holdings
Lost status Source of classification or shelving scheme Damaged status Not for loan Collection code Permanent Location Current Location Shelving location Date acquired Source of acquisition Cost, normal purchase price Total Checkouts Full call number Date last seen Copy number Koha item type
  Dewey Decimal Classification   Added to bundle Non-fiction Central Library, University of Rajshahi Central Library, University of Rajshahi Reading Room 21/02/1955 OUP 10.20   824.08 OXF 1952 25/03/2014 C-1 Books
  Dewey Decimal Classification     Non-fiction Central Library, University of Rajshahi Central Library, University of Rajshahi General Stacks 16/11/1952 oxford university press     824.08 OXF 1952 17/05/2025 C-2 Books
  Dewey Decimal Classification     Non-fiction Central Library, University of Rajshahi Central Library, University of Rajshahi General Stacks 17/05/2025       824.08 OXF 1952 17/05/2025 C-3 Books